000 00620nam a22002297a 4500
003 UA-OsUOA
001 92632
007 ta
008 20121220b un ||||| |||| 00| 0 ukr d
100 _aАйбек
090 _a821.512.133
_bА37
942 _cBK
040 _aUA-OsUOA
_bukr
_cUA-OsUOA
_dUA-OsUOA
245 _aВітер золотої долини
_bроман
300 _a376 с.
955 _a3
041 _aukr
080 _a821.512.133
260 _aК.
_bХудожня література
_c1956
650 7 _a82 Література. Літературознавство
_2UDC
999 _c378827
_d378827